| 000 | 01374cam a2200229 4500 | ||
|---|---|---|---|
| 001 | ABS66069 | ||
| 008 | 021025n2002 000 0 eng u | ||
| 035 | _a(Sirsi) u120262 | ||
| 245 | _aWilliams v Jones and another | ||
| 260 | _c2002 | ||
| 490 |
_aEstates Gazette _v[2002] 40 EG 169-173(5) |
||
| 490 |
_aCourt of Appeal (Civil Division) _v[2002] EWCA Civ 1097 |
||
| 520 | _aCA 10 July 2002. The respondent (J) was the tenant of some rough grazing land. He paid rent until 1973, after which he remained on the land without paying rent. Initially this was with the agreement of M, the agent for the then freeholder, on that basis that he would provide caretaking services for another property. The freehold title passed to Mr and Mrs Darlington. During their period of ownership, J paid no rent and was not expected to carry out caretaking services. In 1992 the land passed to the appellant W. J claimed title to the land by way of adverse possession. The claim was allowed. W appealed. "Held", the appeal was allowed. | ||
| 590 | _aABS | ||
| 650 | _aADVERSE POSSESSION | ||
| 650 | _aLIMITATION ACT 1980 | ||
| 650 | _aWILLIAMS V JONES AND ANOTHER | ||
| 650 | _aPOWELL V MCFARLANE | ||
| 650 | _aPROPERTY-RURAL AND NATURAL ASSETS-AGRICULTURAL PROPERTY-AGRICULTURAL LAND-GRAZING LAND | ||
| 690 | _aLANDLORD AND TENANT-AGRICULTURAL TENANCIES-CASE LAW | ||
| 942 | _n0 | ||
| 999 |
_c71446 _d71446 |
||